000 00730nam a22002177a 4500
003 UA-OsUOA
001 119316
007 ta
008 20161019b un ||||| |||| 00| 0 ukr d
100 _aТригуб І.
090 _a82
_bТ67
942 _cSA
040 _aUA-OsUOA
_bukr
_cUA-OsUOA
_dUA-OsUOA
245 _aМетодика контекстного вивчення творчості Генріка Ібсена та Лесі Українски на заняття літературних курсів за вибором
300 _aС.39-42
955 _a0
041 _aukr
080 _a82
773 0 _w119309
_tУкраїнська мова і література в школі
_dК.
_d2016
_g4
650 7 _2UDC
999 _c405448
_d405448